LEADER 01835nam 2200409Ia 450 001 996385297603316 005 20221108032757.0 035 $a(CKB)4940000000074628 035 $a(EEBO)2240949507 035 $a(OCoLC)12025037 035 $a(EXLCZ)994940000000074628 100 $a19850511d1679 uy | 101 0 $aeng 135 $aurbn||||a|bb| 200 12$aA new dictionary French and English, with another English and French$b[electronic resource] $eaccording to the present use, and modern orthography of the French, enrich'd with new words, choice phrases, and apposite proverbs, digested into a most accurate method, and contrived for the use both of English and foreiners : to which is added, A collection of barbarous French, or, of obsolete, provincial, mis-spelt, and made words for the satisfaction of such as read old French authors /$fby Guy Miege, Gent 210 $aLondon $cPrinted for Thomas Basset ...$d1679 215 $a2 pts. ([694]; [462] p.) 300 $aPt [2] has caption title: A new dictionary English and French. 300 $aReproduction of original in Bristol Public Library, Bristol, England. 330 $aeebo-0016 606 $aEnglish language$vDictionaries$xFrench 606 $aFrench language$vDictionaries$xEnglish 606 $aFrench language$xObsolete words 606 $aFrench language$xProvincialisms 615 0$aEnglish language$xFrench. 615 0$aFrench language$xEnglish. 615 0$aFrench language$xObsolete words. 615 0$aFrench language$xProvincialisms. 700 $aMiege$b Guy$f1644-1718?$01002359 801 0$bEAA 801 1$bEAA 801 2$bm/c 801 2$bWaOLN 906 $aBOOK 912 $a996385297603316 996 $aA new dictionary French and English, with another English and French$92398215 997 $aUNISA LEADER 00600ojm 2200229z- 450 001 9910149012503321 005 20230913112557.0 010 $a1-5200-4580-8 035 $a(CKB)3710000000924432 035 $a(BIP)055776686 035 $a(EXLCZ)993710000000924432 100 $a20231107c2016uuuu -u- - 101 0 $aeng 200 10$aHow a House Is Built 210 $cDreamscape Media 610 $aJuvenile Nonfiction 610 $aNonfiction 700 $aGibbons$b Gail$f1944-$01435700 906 $aAUDIO 912 $a9910149012503321 996 $aHow a House Is Built$93596110 997 $aUNINA